|
|
|
|
| LEADER |
00000nab a2200000uu 4500 |
| 001 |
vtls011490397 |
| 003 |
SK-MaSNL |
| 005 |
20260303180648.0 |
| 008 |
230629|2009 xo |||||||||||||||||slo| |
| 015 |
|
|
|a SNBRB
|
| 035 |
|
|
|a (urnnbn)urn:nbn:sk:snk:ar-007kms
|
| 035 |
|
|
|a (uuid)7ee49e15-acb4-4786-8d46-c7fee8f801a2
|
| 035 |
|
|
|a urn:nbn:sk:snk-abdfm1
|
| 040 |
|
|
|a SNKBUCL
|b slo
|c SNKBUCL
|e AACR2
|
| 041 |
0 |
|
|a slo
|
| 044 |
|
|
|a xo
|c SK
|
| 100 |
1 |
|
|a Farkaš, Pavol
|4 aut
|9 225739
|
| 245 |
1 |
0 |
|a ČO BY SME MALI VEDIEŤ O PRÁCI S FORMALDEHYDOM
|c Zora Haviarová, Peter Kováč, Pavol Farkaš
|
| 246 |
3 |
|
|a What should we know about the work with formaldehyde?
|
| 700 |
1 |
|
|a Kováč, Peter,
|d 1972-
|4 aut
|9 229895
|
| 700 |
1 |
|
|a Haviarová, Zora,
|d 1966-
|4 aut
|9 224493
|
| 773 |
0 |
|
|t Lekársky obzor : odborný časopis Slovenskej zdravotníckej univerzity v Bratislave
|g Roč. 58, č. 7-8 (2009), s. 349-352
|
| 954 |
|
|
|a odborná, vedecká literatúra pôvodná (slovenská)
|2 lita
|
| 958 |
|
|
|a OND
|
| 958 |
|
|
|a EUIPO
|
| 958 |
|
|
|a article18
|
| 999 |
|
|
|c 2107321
|d 2109251
|